000 01300cam a22002415a 4500
001 L159489
008 170801s2017 xxk f 000 0 eng d
020 _a9781783211975
035 _a(Sirsi) u159489
041 0 _aeng
050 0 4 _a692.3095
110 2 _aInternational Construction Measurement Standards Coalition
240 _aICMS
245 0 0 _aInternational Construction Measurement Standards
_bGlobal Consistency in Presenting Construction Costs
260 _aLondon
_bICMSC
_c2017
490 0 _aRICS Guidance Note
520 _aInternational Construction Measurement Standards (ICMS) aim to provide global consistency in classifying, defining, measuring, analysing and presenting entire construction costs at a project, regional, state, national or international level. This project is the first of its kind with global coverage and brings together many organisations from around the world to create shared international standards for presenting entire construction costs. This first edition focuses on capital costs, however future editions of ICMS may incorporate other matters such as costs-in-use. Superseded by 2 ed 9781783213757.
590 _aKA
651 4 _aInternational
690 _aConstruction management
_96230
690 _aMeasurement
_96256
942 _n0
999 _c115948
_d115948